[Event "BCF-chT4S 1920 (4NCL)"]
[Site "England"]
[Date "2020.02.08"]
[Round "5.134"]
[White "Joain, Danut"]
[Black "Angelopoulos, Andreas"]
[Result "1-0"]
[WhiteElo "1631"]
[BlackElo "1615"]
[PlyCount "63"]
[EventDate "2019.11.09"]
[EventType "team-swiss"]
[EventRounds "11"]
[EventCountry "ENG"]
[SourceTitle "EXT 2022"]
[Source "ChessBase"]
[SourceDate "2021.10.06"]
[SourceVersion "1"]
[SourceVersionDate "2021.10.06"]
[SourceQuality "1"]
[WhiteTeam "Banbury Bulldogs"]
[BlackTeam "Barnet Knights II"]
[WhiteTeamCountry "ENG"]
[BlackTeamCountry "ENG"]

1. d4 Nf6 2. Nf3 e6 3. Bf4 d5 4. e3 Bd6 5. Bg3 0-0 6. Bd3 b6 7. Nbd2 c5 8. c3 Bb7 9. Ne5 Nc6 10. 0-0 Qc7 11. f4 c4 12. Bc2 b5 13. Bh4 Be7 14. Bxf6 Bxf6 15. Rf3 g6 16. g4 Bg7 17. g5 Nxe5 18. fxe5 Qe7 19. Rg3 a5 20. Qg4 h5 21. gxh6 Bxh6 22. Kh1 b4 23. Rag1 Bg7 24. Nf3 Qc7 25. Bxg6 fxg6 26. Qxg6 Rxf3 27. Rxf3 Rf8 28. Qxe6+ Rf7 29. Qe8+ Kh7 30. Rxf7 Qc8 31. Rfxg7+ Kh6 32. Qg6# 1-0

[Event "BCF-chT4S 1718 (4NCL)"]
[Site "England"]
[Date "2018.05.06"]
[Round "10.112"]
[White "Angelopoulos, Andreas"]
[Black "Sheikh, Anum"]
[Result "0-1"]
[WhiteElo "1368"]
[BlackElo "1526"]
[PlyCount "118"]
[EventDate "2017.11.11"]
[EventType "team-swiss"]
[EventRounds "11"]
[EventCountry "ENG"]
[SourceTitle "EXT 2020"]
[Source "ChessBase"]
[SourceDate "2019.10.17"]
[SourceVersion "1"]
[SourceVersionDate "2019.10.17"]
[SourceQuality "1"]
[WhiteTeam "Barnet Knights III"]
[BlackTeam "D&D United"]
[WhiteTeamCountry "ENG"]
[BlackTeamCountry "ENG"]

1. d4 f5 2. c4 Nf6 3. Nc3 g6 4. Nf3 Bg7 5. Bf4 0-0 6. e3 d6 7. Be2 Nbd7 8. 0-0 a6 9. Qb3 e6 10. c5 d5 11. Rac1 Ne4 12. Na4 g5 13. Bg3 g4 14. Ne5 Nd2 15. Qd3 Nxf1 16. Bxf1 Nxe5 17. Bxe5 Bxe5 18. dxe5 Bd7 19. Nc3 Qe7 20. Qd4 Rf7 21. b3 Raf8 22. a4 a5 23. Ne2 Rg7 24. Nf4 Qf7 25. Qc3 Ra8 26. Bd3 h5 27. Qd4 h4 28. g3 hxg3 29. fxg3 Rh7 30. Rc2 Bc6 31. Bf1 Qe8 32. Bd3 Rb8 33. Qc3 b5 34. cxb6 Rxb6 35. Rd2 Rh6 36. Bc2 Rb4 37. Qc5 Rb8 38. Qxa5 Qe7 39. Qc3 Qb4 40. Qd3 Qe7 41. Bd1 Be8 42. Ra2 c5 43. a5 Bb5 44. Qb1 Ba6 45. Qc2 c4 46. bxc4 Bxc4 47. Ra1 Qb4 48. Be2 Ra8 49. Bxc4 dxc4 50. a6 Qb6 51. Ng2 Rxa6 52. Rb1 Qc7 53. Qc3 Ra5 54. Rc1 Rc5 55. Qb4 Qxe5 56. Rxc4 Qa1+ 57. Kf2 Qa2+ 58. Kg1 Qxc4 59. Qb8+ Rc8 0-1

[Event "BCF-chT4S 1617 (4NCL)"]
[Site "England"]
[Date "2017.05.01"]
[Round "11.95"]
[White "Angelopoulos, Andreas"]
[Black "Ross, Stuart"]
[Result "1/2-1/2"]
[WhiteElo "1187"]
[BlackElo "1720"]
[PlyCount "71"]
[EventDate "2016.11.26"]
[EventType "team-swiss"]
[EventRounds "11"]
[EventCountry "ENG"]
[SourceTitle "EXT 2019"]
[Source "ChessBase"]
[SourceDate "2018.10.10"]
[SourceVersion "1"]
[SourceVersionDate "2018.10.10"]
[SourceQuality "1"]
[WhiteTeam "Barnet Knights III"]
[BlackTeam "Shropshire II"]
[WhiteTeamCountry "ENG"]
[BlackTeamCountry "ENG"]

1. d4 Nf6 2. Nf3 g6 3. Nbd2 Bg7 4. e4 d6 5. Bd3 0-0 6. 0-0 Nbd7 7. b3 e5 8. dxe5 Nxe5 9. Nxe5 dxe5 10. Bb2 Re8 11. Nf3 Nh5 12. Bc4 Bg4 13. Qxd8 Raxd8 14. Ng5 Be6 15. Bxe6 fxe6 16. Rad1 Rxd1 17. Rxd1 Bh6 18. Nf3 Nf6 19. Re1 Nd7 20. Nxe5 Bg7 21. Nxd7 Bxb2 22. Nc5 b6 23. Nd3 Bc3 24. Re3 Rd8 25. g3 e5 26. Kg2 Rd6 27. f4 exf4 28. Nxf4 Rd2+ 29. Re2 Rd1 30. e5 c6 31. e6 Kf8 32. h4 Ke7 33. Kf3 Rf1+ 34. Kg4 Rd1 35. Kg5 Bg7 36. c4 1/2-1/2

[Event "BCF-chT4S 1617 (4NCL)"]
[Site "England"]
[Date "2017.03.18"]
[Round "7.115"]
[White "Sezer, Steve"]
[Black "Angelopoulos, Andreas"]
[Result "1-0"]
[WhiteElo "1510"]
[BlackElo "1187"]
[PlyCount "89"]
[EventDate "2016.11.26"]
[EventType "team-swiss"]
[EventRounds "11"]
[EventCountry "ENG"]
[SourceTitle "EXT 2019"]
[Source "ChessBase"]
[SourceDate "2018.10.10"]
[SourceVersion "1"]
[SourceVersionDate "2018.10.10"]
[SourceQuality "1"]
[WhiteTeam "Barnet Knights III"]
[BlackTeam "Barnet Knights IV"]
[WhiteTeamCountry "ENG"]
[BlackTeamCountry "ENG"]

1. d4 e6 2. c4 Nf6 3. e3 d5 4. Bd3 Nbd7 5. Bd2 c5 6. Qc2 b6 7. Nf3 Bd6 8. Nc3 Bb7 9. 0-0 Qc7 10. Nb5 Qc6 11. Nxd6+ Qxd6 12. Bc3 dxc4 13. Be2 Ng4 14. g3 Qc6 15. h3 Ngf6 16. Kh2 Ne4 17. Rg1 Nxf2 18. dxc5 Nf6 19. Ne5 Qxc5 20. Bd4 Qb4 21. a3 Qb3 22. Qc1 Rc8 23. Bxc4 Qa4 24. b3 Qa5 25. Qb2 N2e4 26. b4 Qa4 27. Qe2 a6 28. Rgb1 Bd5 29. Bxa6 Rc2 30. Bb5+ Qxb5 31. Qxc2 Ng5 32. Rc1 Nf3+ 33. Nxf3 Bxf3 34. Qc8+ Ke7 35. Qc7+ Nd7 36. Qc4 Qf5 37. Rf1 b5 38. Qc3 Qe4 39. Rf2 e5 40. Bc5+ Ke6 41. Raf1 Bh5 42. Qb3+ Qd5 43. Qc2 Rc8 44. g4 Qc6 45. Qb3+ 1-0